Traffic management system based on global positioning system and global system for mobile communication / (Record no. 615232)
[ view plain ]
| 000 -LEADER | |
|---|---|
| fixed length control field | 00533nam a2200157 4500 |
| 003 - CONTROL NUMBER IDENTIFIER | |
| control field | NUST |
| 082 ## - DEWEY DECIMAL CLASSIFICATION NUMBER | |
| Classification number | 621.382,MAS |
| 100 ## - MAIN ENTRY--PERSONAL NAME | |
| Personal name | Masud, Muhammad Saad (TE-49) |
| 9 (RLIN) | 131594 |
| 245 ## - TITLE STATEMENT | |
| Title | Traffic management system based on global positioning system and global system for mobile communication / |
| Statement of responsibility, etc. | Capt Muhammad Saad Maud, Capt Aamir Mehmood Malik, Capt Waheedullah Khan |
| 250 ## - EDITION STATEMENT | |
| Edition statement | TE-49 |
| 260 ## - PUBLICATION, DISTRIBUTION, ETC. | |
| Place of publication, distribution, etc. | Rawalpindi |
| Name of publisher, distributor, etc. | MCS (NUST) |
| Date of publication, distribution, etc. | 2016 |
| 300 ## - PHYSICAL DESCRIPTION | |
| Extent | ix,43 p.; |
| 650 ## - SUBJECT ADDED ENTRY--TOPICAL TERM | |
| Topical term or geographic name entry element | UG Project |
| 9 (RLIN) | 131132 |
| 651 ## - SUBJECT ADDED ENTRY--GEOGRAPHIC NAME | |
| Geographic name | TE-49 |
| 9 (RLIN) | 131595 |
| 942 ## - ADDED ENTRY ELEMENTS (KOHA) | |
| Source of classification or shelving scheme | |
| Koha item type | Project Report |
| Withdrawn status | Lost status | Source of classification or shelving scheme | Damaged status | Not for loan | Permanent Location | Current Location | Shelving location | Date acquired | Total Checkouts | Full call number | Barcode | Date last seen | Price effective from | Koha item type | Public note |
|---|---|---|---|---|---|---|---|---|---|---|---|---|---|---|---|
| Military College of Signals (MCS) | Military College of Signals (MCS) | Reference | 10/27/2025 | 621.382,MAS | MCSPTE-250 | 10/27/2025 | 10/27/2025 | Project Report | Almirah No.90, Shelf No.4 |
